00665cam a22002057a 4500003000500000005001700005008004100022010001000063011001000073035001000083040000900093100002900102245012100131260006100252300002800313490002900341650001700370650004300387830002900430CHAP20220817043206.0971013s1987 r 00010 d a68051 a69023 a78497 cCHAP00aHolt Buttner, Elizabeth.13aEl censo en imágenesb: ensayo sobre la situación actual del panorama educativo en la República Mexicana, 1980 aMéxico, D. F. :bUNAM. Instituto de Geografía,c1987 a52 p.b; mapas gráfs. 0aSerie varía T, 1v; 1014aEducación.14aEducaciónxEstadísticaszMéxico.0 aSerie varía T, 1v; 10